| Registos Bibliográficos associados ao registo de autoridade |
|
Etiqueta de registo: 00254nam 2200025 450 001 2288504 003 http://id.bnportugal.gov.pt/bib/catbnp/2288504 100 ## $a20260622d2025 k y0pory01030103ba 101 0# $apor$deng 102 ## $aPT 105 ## $aa m 001yy 106 ## $ar 200 1# $a Os sons do espaço público e da arquitetura na sociedade da sonorização ativa$fCristiano Ricardo de Azevedo Pacheco$gorient. Paulo Jorge Marques Peixoto, Rogerio Proença de Sousa Leite 210 #9 $aCoimbra$c[s.n.],$d2025 215 ## $a581 p.$cil.$d30 cm 328 #1 $aTese dout. Sociologia - Cidades e Culturas Urbanas, Faculdade de Economia da Universidade
de Coimbra, 2025 700 #1 $aPacheco,$bCristiano Ricardo de Azevedo$32001284 702 #1 $aPeixoto,$bPaulo Jorge Marques$4727$3820405 702 #1 $aLeite,$bRogério Proença$4727$31382384 801 #0 $aPT$bBN$gRPC 966 ## $lBN$mFGMON$x1 971 ## $cisantos$d20260622
|
|
|